[Event "Titled Tue 17th Jun Early"]
[Site "chess.com INT"]
[Date "2025.06.17"]
[Round "7"]
[White "Idani, Pouya"]
[Black "Lopez Del Alamo, Antonio"]
[Result "1-0"]
[WhiteTitle "GM"]
[BlackTitle "FM"]
[WhiteElo "2593"]
[BlackElo "2166"]
[WhiteFideId "12510130"]
[BlackFideId "2227339"]
[EventDate "2025.06.17"]

1. e4 c5 2. Be2 e6 3. d3 Nc6 4. f4 d5 5. Nf3 g6 6. O-O Bg7 7. e5 Nge7 8. Be3 b6
9. c3 Nf5 10. Bf2 h5 11. d4 Bf8 12. a3 Be7 13. b4 cxd4 14. cxd4 Kf8 15. Nc3 Kg7
16. Rc1 Bd7 17. Ba6 Bc8 18. Bd3 Bb7 19. Qe1 Rc8 20. Bxf5 gxf5 21. Ng5 Bxg5 22.
fxg5 Kg6 23. Be3 a6 24. Ne2 Ne7 25. Qg3 Kg7 26. g6 Nxg6 27. Bg5 Rxc1 28. Rxc1 h4
29. Bxd8 hxg3 30. Bf6+ Kh7 31. Bxh8 gxh2+ 32. Kxh2 Kxh8 33. Rc7 1-0

[Event "Titled Tue 17th Jun Early"]
[Site "chess.com INT"]
[Date "2025.06.17"]
[Round "7"]
[White "Darmanin, Jake"]
[Black "Shuvalov, Evgenij"]
[Result "0-1"]
[WhiteTitle "CM"]
[WhiteElo "2052"]
[BlackElo "1986"]
[WhiteFideId "5601061"]
[BlackFideId "4187237"]
[EventDate "2025.06.17"]

1. e4 e6 2. d4 d5 3. Nc3 Bb4 4. Ne2 Nc6 5. Be3 Nge7 6. a3 Ba5 7. f3 e5 8. dxe5
dxe4 9. Qxd8+ Nxd8 10. fxe4 Ndc6 11. O-O-O Nxe5 12. Nd5 c6 13. Nxe7 Kxe7 14.
Bc5+ Ke8 15. Ng3 Bg4 16. Be2 Bxe2 17. Nxe2 Rd8 18. Rxd8+ Kxd8 19. Bxa7 Kc8 20.
Bd4 Bc7 21. Nc3 Re8 22. Rf1 f6 23. h3 Nc4 24. a4 Ba5 25. Re1 Nd6 26. g4 Bxc3 27.
Bxc3 Rxe4 28. Rd1 Nf7 29. Rf1 Rxa4 30. b4 Kd7 31. Kb2 Ra8 32. h4 h6 33. Rd1+ Ke8
34. Re1+ Kf8 35. Rf1 Re8 36. g5 hxg5 37. hxg5 Nxg5 38. Rf5 Kf7 39. b5 Kg6 40.
Rc5 Ne4 41. Rc4 cxb5 42. Rb4 Nxc3 43. Kxc3 Re5 44. Kd4 Kf5 45. Rb1 g5 46. Rf1+
Ke6 47. Rh1 g4 48. Rh7 Kf5 49. Rg7 Kf4 50. c3 g3 0-1

[Event "Titled Tue 17th Jun Early"]
[Site "chess.com INT"]
[Date "2025.06.17"]
[Round "7"]
[White "Mizzi, Jack"]
[Black "Cuellar Montes, Alejandro"]
[Result "0-1"]
[WhiteTitle "CM"]
[BlackTitle "CM"]
[WhiteElo "2107"]
[BlackElo "2173"]
[WhiteFideId "5602521"]
[BlackFideId "32096836"]
[EventDate "2025.06.17"]

1. d4 Nf6 2. c4 e6 3. Nf3 d5 4. Nbd2 Be7 5. g3 O-O 6. Bg2 b6 7. O-O Bb7 8. Qc2
dxc4 9. Nxc4 c5 10. Rd1 Be4 11. Qb3 Qc8 12. dxc5 Bxc5 13. Bg5 Nd5 14. Rac1 h6
15. Nd6 Qa6 16. Nxe4 hxg5 17. Nxc5 bxc5 18. Nxg5 Qxe2 19. Bxd5 exd5 20. Qxd5 Na6
21. Nxf7 Nb4 22. Qb7 Nd3 23. Rxd3 Qxd3 24. Re1 Rab8 25. Qxa7 Rbe8 26. Ne5 Qd4
27. Rf1 Qxe5 28. Qb7 Rf7 29. Qc6 Ref8 30. Qg2 Qxb2 31. a4 Qb4 0-1

[Event "Titled Tue 17th Jun Early"]
[Site "chess.com INT"]
[Date "2025.06.17"]
[Round "7"]
[White "Sethuraman, Roshan"]
[Black "Gutierrez Olivares, Daniel"]
[Result "1-0"]
[BlackTitle "FM"]
[WhiteElo "2074"]
[BlackElo "2354"]
[WhiteFideId "30965250"]
[BlackFideId "2264005"]
[EventDate "2025.06.17"]

1. e4 e6 2. d4 d5 3. Nd2 Nf6 4. e5 Nfd7 5. Bd3 c5 6. c3 Nc6 7. Ne2 cxd4 8. cxd4
f6 9. exf6 Qxf6 10. Nf3 h6 11. O-O Bd6 12. Ng3 O-O 13. Be3 e5 14. dxe5 Ndxe5 15.
Nxe5 Nxe5 16. Be2 Be6 17. Bd4 Qf4 18. Rc1 Nc6 19. Be3 Qe5 20. Bg4 Bf7 21. Re1
Qxb2 22. Nf5 Bb4 23. Re2 Qf6 24. Nd4 Ne5 25. Rec2 Nc4 26. Bf3 Rad8 27. Nb3 Kh8
28. Bd4 Qg5 29. Re2 Bg6 30. Kh1 Rxf3 31. gxf3 Bh5 32. Re3 Qf5 33. Rd3 Bd6 34.
Kg2 Qf4 35. Qh1 Rf8 36. Kf1 a5 37. Qg2 a4 38. Qxg7# 1-0

[Event "Titled Tue 17th Jun Early"]
[Site "chess.com INT"]
[Date "2025.06.17"]
[Round "7"]
[White "Starozhilov, Leonid"]
[Black "Brady, Tyson"]
[Result "1-0"]
[WhiteTitle "FM"]
[BlackTitle "CM"]
[WhiteElo "2240"]
[BlackElo "2170"]
[WhiteFideId "14106752"]
[BlackFideId "30970369"]
[EventDate "2025.06.17"]

1. e4 c5 2. Nf3 g6 3. c4 Nc6 4. d4 cxd4 5. Nxd4 Nf6 6. Nc3 d6 7. Be2 Nxd4 8.
Qxd4 Bg7 9. Be3 O-O 10. Qd2 Qa5 11. O-O Be6 12. b3 a6 13. f3 Rfc8 14. Na4 Qxd2
15. Bxd2 Nd7 16. Rac1 Bd4+ 17. Kh1 Nc5 18. Nb6 Nxb3 19. Nxc8 Nxc1 20. Nxe7+ Kf8
21. Nxg6+ hxg6 22. Rxc1 Rc8 23. g4 Ke7 24. Kg2 Rc7 25. h4 Bb2 26. Rc2 Bd4 27.
Bd3 b5 28. cxb5 Rxc2 29. Bxc2 axb5 30. Bb3 Bxb3 31. axb3 Ke6 32. f4 Bg7 33. f5+
Kd7 34. h5 gxh5 35. gxh5 d5 36. Kf3 dxe4+ 37. Kxe4 Kd6 38. Be3 Kc6 39. h6 1-0

[Event "Titled Tue 17th Jun Early"]
[Site "chess.com INT"]
[Date "2025.06.17"]
[Round "7"]
[White "Omariev, Maksim"]
[Black "Ady, Jonathan J."]
[Result "1-0"]
[WhiteTitle "FM"]
[BlackTitle "FM"]
[WhiteElo "2304"]
[BlackElo "2355"]
[WhiteFideId "4193423"]
[BlackFideId "6000240"]
[EventDate "2025.06.17"]

1. b3 e5 2. Bb2 Nc6 3. c4 Nf6 4. Nc3 g6 5. g3 Bg7 6. Bg2 O-O 7. e3 d6 8. Nge2
Re8 9. O-O Bf5 10. d3 Qd7 11. Re1 Bh3 12. Bh1 h5 13. a3 a5 14. Nd5 Nxd5 15. cxd5
Ne7 16. Rc1 f5 17. Rc4 g5 18. Qc2 Rac8 19. Rc1 c6 20. dxc6 bxc6 21. Bxc6 Nxc6
22. Rxc6 Qb7 23. f3 Rb8 24. Qc4+ Kh7 25. Kf2 Qxb3 26. Rc2 e4 27. Rc7 Rg8 28.
Qxb3 Rxb3 29. Nd4 exd3 30. Rd2 Rxb2 31. Rxb2 Kg6 32. Rd7 Bf8 33. Rd2 f4 34. Ra7
fxe3+ 35. Kxe3 d5 36. Rxd3 Bc5 37. Ra6+ Kh7 38. Rxa5 Re8+ 39. Kd2 Bd6 40. Rxd5
Bxa3 41. Rxa3 Bf1 42. Ra7+ 1-0

[Event "Titled Tue 17th Jun Early"]
[Site "chess.com INT"]
[Date "2025.06.17"]
[Round "7"]
[White "Arabidze, Meri"]
[Black "Tang, Andrew"]
[Result "0-1"]
[WhiteTitle "IM"]
[BlackTitle "GM"]
[WhiteElo "2440"]
[BlackElo "2529"]
[WhiteFideId "13604040"]
[BlackFideId "2059630"]
[EventDate "2025.06.17"]

1. b3 d5 2. Bb2 c5 3. e3 Nc6 4. Bb5 Qb6 5. a4 Nf6 6. f4 a6 7. a5 Qc7 8. Bxc6+
Qxc6 9. Nf3 g6 10. O-O Bg7 11. Be5 O-O 12. Nc3 Rd8 13. Na4 Bf5 14. Nb6 Ra7 15.
Qc1 Bf8 16. Qb2 Nd7 17. Nxd7 Rxd7 18. Nh4 Ra8 19. Nxf5 gxf5 20. Qb1 d4 21. exd4
cxd4 22. c3 d3 23. c4 f6 24. Bc3 Kf7 25. Qd1 Qc5+ 26. Kh1 Bg7 27. Qh5+ Kg8 28.
Rf3 Qd6 29. Qxf5 e6 30. Qh5 f5 31. Bxg7 Rxg7 32. Re1 Rd8 33. Rg3 Qxf4 34. Rxg7+
Kxg7 35. h3 Rd6 36. Re3 Kf6 37. Qxh7 Qxe3 38. dxe3 d2 39. Qh8+ Ke7 40. Qg7+ Kd8
41. Qf8+ Kc7 42. Qe7+ Kc6 0-1

[Event "Titled Tue 17th Jun Early"]
[Site "chess.com INT"]
[Date "2025.06.17"]
[Round "7"]
[White "Sadubayev, Airat"]
[Black "Sahbudak, Baris Cinar"]
[Result "1-0"]
[WhiteTitle "FM"]
[BlackTitle "CM"]
[WhiteElo "2211"]
[BlackElo "2072"]
[WhiteFideId "13713264"]
[BlackFideId "26351633"]
[EventDate "2025.06.17"]

1. d4 Nf6 2. c4 g6 3. Nc3 d5 4. cxd5 Nxd5 5. e4 Nxc3 6. bxc3 Bg7 7. Nf3 c5 8.
Bb5+ Bd7 9. Rb1 O-O 10. O-O cxd4 11. cxd4 a6 12. Bxd7 Qxd7 13. d5 e6 14. Ba3 Rd8
15. dxe6 fxe6 16. Qb3 Nc6 17. Qxb7 Qxb7 18. Rxb7 Rab8 19. Rxb8 Rxb8 20. Rc1 Nd4
21. Nxd4 Bxd4 22. g3 a5 23. Kg2 e5 24. Rc2 Rb1 25. Bc5 Ba1 26. Be3 a4 27. Rc1
Rxc1 28. Bxc1 Kf7 29. Kf3 Ke6 30. Ke2 Kd6 31. Ba3+ Kc6 32. Kd3 Kb5 33. f3 h5 34.
h3 Bd4 35. f4 Kc6 36. f5 gxf5 37. exf5 Kd5 38. g4 hxg4 39. hxg4 e4+ 40. Ke2 Bf6
41. Bc1 Ke5 42. Be3 Be7 43. Kf2 Bh4+ 44. Kg2 Be7 45. Kg3 Kd5 46. g5 Ke5 47. Kg4
a3 48. Bf4+ Kd4 49. f6 Bf8 50. g6 e3 51. g7 Bxg7 52. fxg7 e2 53. Bg3 e1=Q 54.
Bxe1 Kd3 1-0

[Event "Titled Tue 17th Jun Early"]
[Site "chess.com INT"]
[Date "2025.06.17"]
[Round "7"]
[White "Piesik, Piotr"]
[Black "Samunenkov, Ihor"]
[Result "0-1"]
[WhiteTitle "IM"]
[BlackTitle "GM"]
[WhiteElo "2436"]
[BlackElo "2562"]
[WhiteFideId "1136194"]
[BlackFideId "14187086"]
[EventDate "2025.06.17"]

1. e4 c6 2. Nf3 d5 3. exd5 cxd5 4. Ne5 a6 5. d4 Nc6 6. Nxc6 bxc6 7. Bd3 Nf6 8.
O-O Bg4 9. f3 Bh5 10. Bf4 Qb6 11. Be3 e6 12. b3 c5 13. Kh1 Bg6 14. Nc3 Qc7 15.
dxc5 Bxc5 16. Bxc5 Qxc5 17. Na4 Qc7 18. c4 dxc4 19. Bxc4 O-O 20. Qe2 Rfd8 21.
Bxa6 Nd5 22. Rac1 Qa5 23. Bb7 Rab8 24. Rc5 Qa7 25. Bxd5 exd5 26. Rd1 d4 27. f4
d3 28. Qf3 Rb4 29. f5 Rxa4 30. fxg6 hxg6 31. Rd5 Rxd5 32. Qxd5 Rd4 33. Qf3 Qxa2
34. Qh3 Qc2 35. Re1 Rd8 36. Qh4 Rc8 37. Qg4 d2 38. Rd1 Qxd1+ 0-1

[Event "Titled Tue 17th Jun Early"]
[Site "chess.com INT"]
[Date "2025.06.17"]
[Round "7"]
[White "Fedorov, Artem Alek"]
[Black "Ersoz, Teoman Guney"]
[Result "1-0"]
[WhiteTitle "CM"]
[BlackTitle "CM"]
[WhiteElo "2157"]
[BlackElo "2052"]
[WhiteFideId "34418431"]
[BlackFideId "44537050"]
[EventDate "2025.06.17"]

1. e4 c5 2. Nf3 e6 3. d4 cxd4 4. Nxd4 a6 5. Bd3 Qc7 6. O-O Nf6 7. Qe2 d6 8. c4
Nbd7 9. Nc3 b6 10. Kh1 Bb7 11. f4 Be7 12. b3 Rc8 13. Bb2 g6 14. Rae1 O-O 15. Nf3
e5 16. Nd5 Nxd5 17. exd5 Bf6 18. fxe5 dxe5 19. Nxe5 Rce8 20. Nxd7 Qxd7 21. Qf2
Bxb2 22. Qxb2 b5 23. h3 Rxe1 24. Rxe1 Re8 25. Qf2 h5 26. Rxe8+ Qxe8 27. Qe2 Qd7
28. Qe5 bxc4 29. bxc4 a5 30. Be4 Ba6 31. c5 Qb5 32. d6 Qf1+ 33. Kh2 Bb5 34. c6
h4 35. d7 Qd1 36. Qe8+ Kg7 37. d8=Q Qf1 38. Qh8# 1-0

[Event "Titled Tue 17th Jun Early"]
[Site "chess.com INT"]
[Date "2025.06.17"]
[Round "7"]
[White "Shapiro, Daniel"]
[Black "Khanbutaev, Artemii"]
[Result "1-0"]
[WhiteTitle "FM"]
[WhiteElo "2284"]
[BlackElo "2139"]
[WhiteFideId "2001780"]
[BlackFideId "55747175"]
[EventDate "2025.06.17"]

1. d4 d5 2. c4 dxc4 3. e4 e5 4. Nf3 Bb4+ 5. Bd2 Bxd2+ 6. Nbxd2 exd4 7. Bxc4 Nc6
8. O-O Nge7 9. Ng5 Ne5 10. Qh5 g6 11. Qh6 Ng8 12. Qg7 Qf6 13. Qxf6 Nxf6 14. Bb3
O-O 15. h3 h6 16. f4 hxg5 17. fxe5 Nd7 18. Rxf7 Rxf7 19. e6 Kg7 20. exf7 Ne5 21.
Rf1 Bd7 22. Nf3 Nxf3+ 23. Rxf3 Rf8 24. Rd3 c6 25. Rxd4 Bc8 26. e5 Bf5 27. g4 Bc8
28. Kf2 c5 29. Rd6 b5 30. Bd5 c4 31. Ke3 a5 32. Kd4 a4 33. a3 Rh8 34. Kc5 Ba6
35. Rxa6 Rxh3 36. Ra8 Rh8 37. Rxh8 Kxh8 38. f8=Q+ Kh7 39. Qg8+ 1-0

[Event "Titled Tue 17th Jun Early"]
[Site "chess.com INT"]
[Date "2025.06.17"]
[Round "7"]
[White "Pham, Le Thao Nguyen"]
[Black "Matinian, Nikita"]
[Result "0-1"]
[WhiteTitle "IM"]
[BlackTitle "GM"]
[WhiteElo "2357"]
[BlackElo "2421"]
[WhiteFideId "12401226"]
[BlackFideId "24129100"]
[EventDate "2025.06.17"]

1. d4 Nf6 2. Nf3 e6 3. Bf4 b6 4. e3 Bb7 5. Nbd2 Bd6 6. Bg3 Ne4 7. Bd3 Nxg3 8.
hxg3 g6 9. e4 Be7 10. e5 d5 11. c3 c5 12. Qe2 Nc6 13. Nf1 c4 14. Bc2 b5 15. a3
a5 16. Ne3 b4 17. Ba4 Kf8 18. Bxc6 Bxc6 19. Qd2 bxa3 20. bxa3 Rb8 21. a4 Kg7 22.
g4 Rb3 23. g3 Rxc3 24. Qxc3 Bb4 25. Nd1 Qe7 26. O-O Bxc3 27. Nxc3 Rb8 28. Rfc1
Rb3 29. Nd2 Rb2 30. Nf1 Qb4 31. Ne3 Rb3 32. Ned1 Qb6 33. Ne2 f6 34. exf6+ Kxf6
35. Ndc3 e5 36. Rd1 exd4 37. Rxd4 Rxc3 38. Rf4+ Kg7 39. Nxc3 Qb2 40. Re1 Qxc3
41. Re7+ Kh6 42. g5+ Kxg5 43. Rxh7 Qe1+ 44. Kh2 d4 45. f3 Bxf3 0-1

[Event "Titled Tue 17th Jun Early"]
[Site "chess.com INT"]
[Date "2025.06.17"]
[Round "7"]
[White "Mummana Venkata Ruthvik"]
[Black "Karpenko, Anton"]
[Result "0-1"]
[WhiteTitle "CM"]
[BlackTitle "CM"]
[WhiteElo "2237"]
[BlackElo "2219"]
[WhiteFideId "25697307"]
[BlackFideId "34374353"]
[EventDate "2025.06.17"]

1. Nf3 Nf6 2. g3 b6 3. Bg2 Bb7 4. O-O c5 5. b3 e6 6. Bb2 Be7 7. d4 cxd4 8. Bxd4
O-O 9. Nbd2 d6 10. c4 Nbd7 11. Bb2 a6 12. Qc2 Qc7 13. Rac1 Rfc8 14. Rfd1 b5 15.
Qb1 Qb8 16. Qa1 Bf8 17. Rc2 bxc4 18. Rxc4 Bd5 19. Rxc8 Qxc8 20. Rc1 Qb7 21. Nc4
Rc8 22. Ne3 Be4 23. Nd2 Bxg2 24. Nxg2 d5 25. Nf3 Rc7 26. Ne5 Qc8 27. Rxc7 Qxc7
28. Nxd7 Nxd7 29. Ne3 f6 30. Qd1 Bc5 31. Bd4 Bxd4 32. Qxd4 Qc1+ 33. Kg2 Qc5 34.
Qd3 Qc6 35. Nc2 Nc5 36. Qc3 d4+ 37. Qf3 Qxf3+ 38. Kxf3 e5 39. Nb4 Kf7 40. Nd3
e4+ 0-1

[Event "Titled Tue 17th Jun Early"]
[Site "chess.com INT"]
[Date "2025.06.17"]
[Round "7"]
[White "Aliyev, Elnur"]
[Black "Hungaski, Robert"]
[Result "1-0"]
[WhiteTitle "CM"]
[BlackTitle "GM"]
[WhiteElo "2123"]
[BlackElo "2477"]
[WhiteFideId "13402617"]
[BlackFideId "2021030"]
[EventDate "2025.06.17"]

1. d4 d5 2. c4 c6 3. cxd5 cxd5 4. Bg5 Nc6 5. Nc3 g6 6. e3 Bg7 7. Qb3 h6 8. Bh4
g5 9. Bg3 Nf6 10. h4 g4 11. Nge2 O-O 12. Nf4 e6 13. Be2 h5 14. Nd3 b6 15. Ne5
Ne7 16. Bd3 Bb7 17. O-O Ne4 18. Bxe4 dxe4 19. a4 Nf5 20. a5 Nxh4 21. axb6 axb6
22. Rxa8 Bxa8 23. Na4 Nf5 24. Qxb6 Nxg3 25. fxg3 Qg5 26. Rf4 Bxe5 27. dxe5 Qxe5
28. Qc5 Qxc5 29. Nxc5 Rb8 30. Nd7 Rb5 31. Nf6+ Kg7 32. Nxh5+ Rxh5 33. Rxg4+ Kf8
34. Rh4 Bd5 35. Rxh5 1-0

[Event "Titled Tue 17th Jun Early"]
[Site "chess.com INT"]
[Date "2025.06.17"]
[Round "7"]
[White "Novikova, Marharyta"]
[Black "Sitnic, Adnan"]
[Result "0-1"]
[WhiteTitle "WCM"]
[BlackTitle "CM"]
[WhiteElo "1974"]
[BlackElo "2058"]
[WhiteFideId "14109689"]
[BlackFideId "14403854"]
[EventDate "2025.06.17"]

1. e4 Nc6 2. d4 e5 3. dxe5 Nxe5 4. Nf3 Qf6 5. Nxe5 Qxe5 6. Bd3 Bb4+ 7. c3 Bc5 8.
O-O d6 9. Kh1 Nf6 10. f4 Qh5 11. Qxh5 Nxh5 12. b4 Bb6 13. a4 a5 14. Nd2 Nf6 15.
Nc4 Ba7 16. Nxa5 Ng4 17. g3 Nf2+ 18. Rxf2 Bxf2 19. Kg2 Bb6 20. Nc4 Bd7 21. Nxb6
cxb6 22. Bc2 b5 23. a5 O-O 24. Be3 Bc6 25. Kf2 Rfe8 26. Rd1 Bxe4 27. Bxe4 Rxe4
28. Rxd6 Rae8 29. Rd3 f5 30. Kf3 g6 31. Bf2 Rc4 32. Bd4 Rec8 33. Re3 Kf7 34. Re5
Re8 35. Rxb5 Rc7 36. Rb6 Re6 37. Rb5 Ke7 38. Rd5 Rd7 39. Bc5+ Ke8 40. Re5 Rxe5
41. fxe5 Rd3+ 42. Kf4 Rxc3 43. Kg5 Kf7 44. Kh6 Ke6 45. Bd6 g5 46. Kxg5 Rc2 47.
h4 Rc4 48. Kh5 Rg4 49. b5 Rxg3 50. a6 bxa6 51. b6 Rb3 52. Bc7 f4 53. Kg4 f3 54.
b7 Rxb7 0-1

[Event "Titled Tue 17th Jun Early"]
[Site "chess.com INT"]
[Date "2025.06.17"]
[Round "7"]
[White "Sobek, Jaroslav"]
[Black "Jakovljevic, Dejan"]
[Result "0-1"]
[WhiteTitle "FM"]
[BlackTitle "CM"]
[WhiteElo "2195"]
[BlackElo "1956"]
[WhiteFideId "301388"]
[BlackFideId "949418"]
[EventDate "2025.06.17"]

1. d4 Nf6 2. c4 e5 3. dxe5 Ng4 4. Bf4 Nc6 5. Nf3 Bb4+ 6. Nbd2 Qe7 7. e3 Ngxe5 8.
Nxe5 Nxe5 9. Be2 d6 10. O-O Bxd2 11. Qxd2 b6 12. b4 a5 13. a3 O-O 14. Qc3 Ng6
15. Bg3 axb4 16. axb4 Bb7 17. c5 dxc5 18. bxc5 bxc5 19. Rac1 Ra2 20. Rfe1 Nh4
21. Bf1 Nf5 22. Bf4 g5 23. Be5 Rfa8 24. Bf6 Qe4 25. Bxg5 Qg4 26. Bf6 Nh4 27.
Bxh4 Qxh4 28. Qxc5 Qxf2+ 29. Kh1 Bxg2+ 0-1

[Event "Titled Tue 17th Jun Early"]
[Site "chess.com INT"]
[Date "2025.06.17"]
[Round "7"]
[White "Toroptseva, Yevheniia"]
[Black "Hury, Tymoteusz"]
[Result "1-0"]
[WhiteTitle "WFM"]
[BlackTitle "CM"]
[WhiteElo "2104"]
[BlackElo "2115"]
[WhiteFideId "34109374"]
[BlackFideId "21839328"]
[EventDate "2025.06.17"]

1. Nc3 c5 2. e4 e6 3. d3 d5 4. g3 Nc6 5. Bg2 d4 6. Nce2 e5 7. f4 Nf6 8. Nf3 Ng4
9. fxe5 Ngxe5 10. O-O Nxf3+ 11. Bxf3 f6 12. Nf4 Qc7 13. Bh5+ g6 14. Nd5 Qg7 15.
Nxf6+ Kd8 16. Bg4 Ne5 17. Bxc8 Rxc8 18. Nd5 h6 19. Qe1 b6 20. Qf2 Be7 21. Bf4
Ng4 22. Qe2 h5 23. e5 h4 24. Qxg4 hxg3 25. Bxg3 Qh7 26. Nxe7 Kxe7 27. Qg5+ Kd7
28. Qf6 Rce8 29. Qd6+ Kc8 30. e6 Qb7 31. Rf7 1-0

[Event "Titled Tue 17th Jun Early"]
[Site "chess.com INT"]
[Date "2025.06.17"]
[Round "7"]
[White "Firouzja, Alireza"]
[Black "Xiong, Jeffery"]
[Result "0-1"]
[WhiteTitle "GM"]
[BlackTitle "GM"]
[WhiteElo "2766"]
[BlackElo "2639"]
[WhiteFideId "12573981"]
[BlackFideId "2047640"]
[EventDate "2025.06.17"]

1. Nf3 d5 2. g3 c5 3. Bg2 Nc6 4. O-O e5 5. d3 Be7 6. e4 d4 7. Na3 Nf6 8. Nc4 Nd7
9. a4 O-O 10. Bd2 Re8 11. b3 b6 12. Ne1 Rb8 13. f4 a6 14. Nf3 exf4 15. Bxf4 Rb7
16. e5 Nf8 17. Ng5 Bxg5 18. Bxc6 Bxf4 19. Rxf4 Ng6 20. Bxe8 Nxf4 21. gxf4 Qxe8
22. Nd6 Qc6 23. Qe2 Re7 24. Qg2 Bd7 25. Ne4 a5 26. Rf1 Kh8 27. Rf3 Bf5 28. Nd6
Bd7 29. Ne4 Qh6 30. Qg3 f6 31. Rf1 Bc6 32. Nd6 Qh5 33. Re1 fxe5 34. f5 Qh6 0-1

[Event "Titled Tue 17th Jun Early"]
[Site "chess.com INT"]
[Date "2025.06.17"]
[Round "7"]
[White "Chan, Kim Yew"]
[Black "Newansa, M Esandi"]
[Result "1-0"]
[WhiteTitle "FM"]
[BlackTitle "WCM"]
[WhiteElo "2304"]
[BlackElo "1945"]
[WhiteFideId "5717981"]
[BlackFideId "9999060"]
[EventDate "2025.06.17"]

1. e4 c6 2. d4 d5 3. e5 Bf5 4. Nf3 e6 5. Be2 Ne7 6. O-O c5 7. dxc5 Nd7 8. Be3
Nc6 9. c4 dxc4 10. Na3 Bxc5 11. Bxc5 Nxc5 12. Nxc4 O-O 13. Nd6 Bg6 14. Rc1 Qb6
15. Nc4 Qc7 16. Qd6 Na6 17. Qxc7 Nxc7 18. Nd6 Nd5 19. Nxb7 Ncb4 20. a3 Nd3 21.
Bxd3 Bxd3 22. Rfe1 Rfb8 23. Nc5 Bg6 24. b3 Rb5 25. Nd4 Rb6 26. b4 Rd8 27. Ndb3
Nf4 28. Rcd1 Rbb8 29. Na5 Bc2 30. Rxd8+ Rxd8 31. Nc6 Ra8 32. g3 Nd3 33. Nxd3
Bxd3 34. Rd1 Bb5 35. Nxa7 Ba4 36. Rd6 Kf8 37. Ra6 Bb5 38. Ra5 Bd7 39. Kf1 Ke7
40. Ke2 Kd8 41. Ke3 Kc7 42. Nb5+ Kb8 43. Rxa8+ Kxa8 44. Nd6 f6 45. exf6 gxf6 46.
Ne4 f5 47. Nc5 Bc8 48. Kd4 Kb8 49. Ke5 Kc7 50. Nxe6+ Kb6 51. Nd4 Ka6 52. Nxf5
Kb6 53. Nd6 Bd7 54. f4 Kc6 55. f5 Kc7 56. f6 Kd8 57. h4 Bc6 58. g4 Bd7 59. g5
Bc6 60. h5 Ba4 61. g6 hxg6 62. hxg6 Be8 63. g7 Kd7 64. g8=Q 1-0

[Event "Titled Tue 17th Jun Early"]
[Site "chess.com INT"]
[Date "2025.06.17"]
[Round "7"]
[White "Csonka, Balazs"]
[Black "Craciun, Sasha-Matei"]
[Result "1-0"]
[WhiteTitle "IM"]
[BlackTitle "FM"]
[WhiteElo "2467"]
[BlackElo "2320"]
[WhiteFideId "742910"]
[BlackFideId "1281186"]
[EventDate "2025.06.17"]

1. e4 c5 2. Nf3 Nc6 3. Bb5 e5 4. O-O Bd6 5. d4 Nxd4 6. Nxd4 cxd4 7. c3 Nf6 8.
cxd4 O-O 9. Nc3 Re8 10. f4 exd4 11. Qxd4 Bc7 12. Kh1 a6 13. Ba4 b5 14. Bb3 Bb6
15. Qd3 Bb7 16. e5 Ng4 17. Qg3 Nh6 18. f5 Kh8 19. Bxh6 gxh6 20. Bxf7 Rf8 21. Bd5
Bxd5 22. Nxd5 Rg8 23. Qf3 Bd4 24. Qe4 Bxb2 25. Rab1 Ba3 26. e6 dxe6 27. fxe6 Be7
28. Qe5+ Rg7 29. Rf7 Qg8 30. Nxe7 1-0

[Event "Titled Tue 17th Jun Early"]
[Site "chess.com INT"]
[Date "2025.06.17"]
[Round "7"]
[White "Winkels, Marcel"]
[Black "Erdogan, Hakan"]
[Result "1-0"]
[WhiteTitle "CM"]
[BlackTitle "FM"]
[WhiteElo "1905"]
[BlackElo "2115"]
[WhiteFideId "1003887"]
[BlackFideId "6300359"]
[EventDate "2025.06.17"]

1. e4 c5 2. d4 cxd4 3. c3 dxc3 4. Nxc3 Nc6 5. Bc4 d6 6. Nf3 Nf6 7. O-O e6 8. Qe2
a6 9. Rd1 Qc7 10. Bf4 Ng4 11. Rac1 Be7 12. Nd5 exd5 13. exd5 O-O 14. dxc6 bxc6
15. h3 Nf6 16. Qd2 Rd8 17. Qd3 Rb8 18. Bxa6 Rxb2 19. Bxc8 Qxc8 20. Qc3 Rxa2 21.
Qxc6 Qxc6 22. Rxc6 d5 23. Rc7 Kf8 24. Nd4 Ra4 25. Nc6 Rxf4 26. Nxe7 d4 27. Nc6
Re8 28. Nxd4 Rd8 29. Rc4 Kg8 30. g3 Re4 31. f3 Re3 32. Kf2 Ra3 33. Rd2 h5 34.
Rcc2 h4 35. g4 g6 36. Nc6 Re8 37. Ra2 1-0

[Event "Titled Tue 17th Jun Early"]
[Site "chess.com INT"]
[Date "2025.06.17"]
[Round "7"]
[White "Zong, Davis"]
[Black "Rubes, Jan"]
[Result "1-0"]
[WhiteTitle "FM"]
[BlackTitle "IM"]
[WhiteElo "2242"]
[BlackElo "2426"]
[WhiteFideId "30903955"]
[BlackFideId "338176"]
[EventDate "2025.06.17"]

1. d4 d5 2. c4 e6 3. Nf3 Nf6 4. g3 c5 5. Bg2 Nc6 6. O-O dxc4 7. Qa4 Bd7 8. Qxc4
b5 9. Qxb5 Nxd4 10. Qd3 Bb5 11. Qd2 Nxe2+ 12. Kh1 Nxc1 13. Rxc1 Qxd2 14. Nbxd2
Rc8 15. Ne5 Bd6 16. Ndc4 Be7 17. a4 Bxc4 18. Rxc4 O-O 19. Nc6 Rc7 20. Nxe7+ Rxe7
21. Rxc5 Rb8 22. Rac1 h6 23. Rc8+ Rxc8 24. Rxc8+ Kh7 25. b4 Rd7 26. Bf3 g5 27.
h3 h5 28. Kg2 g4 29. hxg4 hxg4 30. Bc6 Rd4 31. b5 Kg7 32. a5 Ne4 33. b6 axb6 34.
a6 Nd6 35. Rd8 Nf5 36. Rxd4 Nxd4 37. Bd7 Nb3 38. a7 Nc5 39. Bc6 1-0

[Event "Titled Tue 17th Jun Early"]
[Site "chess.com INT"]
[Date "2025.06.17"]
[Round "7"]
[White "Jimenez Fernandez, Rebeca"]
[Black "Chan, Mark"]
[Result "0-1"]
[WhiteTitle "WFM"]
[BlackTitle "FM"]
[WhiteElo "2154"]
[BlackElo "2179"]
[WhiteFideId "32070934"]
[BlackFideId "5800560"]
[EventDate "2025.06.17"]

1. d4 d5 2. c4 dxc4 3. Nf3 Nf6 4. Nc3 a6 5. a4 e6 6. e4 c5 7. Bxc4 cxd4 8. Nxd4
Be7 9. O-O O-O 10. Be3 e5 11. Nf5 Bxf5 12. exf5 Nc6 13. Qf3 Nd4 14. Qh3 Qc8 15.
g4 Qxc4 16. g5 Nd5 17. f6 gxf6 18. gxf6 Bxf6 19. Kh1 Nxc3 20. bxc3 Qc6+ 21. f3
Nc2 22. Bh6 Nxa1 23. Rxa1 Kh8 24. Bxf8 Rxf8 25. Rg1 Rg8 26. Rd1 e4 27. Rf1 Qxc3
28. Qf5 exf3 29. Rxf3 Qc1+ 30. Rf1 Qc6+ 31. Rf3 Rg6 32. h4 Qe6 33. Qb1 Qg4 34.
Qf1 Qxh4+ 35. Rh3 Qe4+ 0-1